00641nam a2200193 a 450000500170000000800410001701000140005802000110007203500130008303700150009604000180011108200130012910000180014224501100016026000500027027000700032030000240039065000330041420010905110431.0970417s1997 caua 001 0 eng  aENG-92478 c150.00 aEN-76011 bDBAD / PUB adplbEnglish  a364.1092 aRamesh, P.R.  aThe lost hours:bbursting thoughts of youth who was bounded to 9 years behind the bars /cby P.R. Ramesh  aTamil Nadu bPeriya Azhagu Publication c2008 aHIG 50/1, 80 Feet Road, Anna Nagar, Madurai bTamil Nadu e625020 a183p. c22 cm (pbk) aCriminalszIndiavBiography.